00377nam a2200145Ia 4500003000400000005001700004008004100021020001800062040002900080050002500109100002000134245002200154260004500176300001000221OSt20240718115348.0221221s9999 xx 000 0 und d a9966-47-293-2 cChuka University Library aPL 8704 b.M5K5 2000 aKing'ei, Kitula 0aMiale ya uzalendo aNairobi, KenyabPhoenix Publishersc2000 a191p.